| 000 | 00466pab a2200181 454500 | ||
|---|---|---|---|
| 008 | 180718b2011 xxu||||| |||| 00| 0 eng d | ||
| 100 | _aDiamond, Douglas W. | ||
| 245 | _aFear of fire sales, illiquidity seeking, and credit freezes | ||
| 260 | _c2011 | ||
| 300 | _ap.557-591. | ||
| 362 | _aMay | ||
| 650 | _aBanks | ||
| 650 | _aEconomic recession | ||
| 700 | _aRajan, Raghuram G. | ||
| 773 | _aQuarterly Journal of Economics | ||
| 908 | _aN | ||
| 909 | _a93222 | ||
| 999 |
_c93222 _d93222 |
||